000 00681nam a2200229 a 4500
001 000043843
003 DO-SdBNP
005 20260212093956.0
007 ta
008 140507s2001 dr 000 0 spa d
040 _aDO-SdBNP
_bspa
_cBNPHU
_erda
041 _aspa
082 4 _axxx
_bxxx
_222
245 0 0 _aManual de descripción de puestos /
_cCentro de Información Gubernamental.
264 1 _aSanto Domingo :
_bCentro de Información Gubernamental,
_c2001.
300 _a268 páginas ;
_c23 cm.
336 _atexto
_btxt
_2rdacontent
337 _asin mediación
_bn
_2rdamedia
338 _avolumen
_bnc
_2rdacarrier
590 _aInventariado, 2026/Bt
942 _2ddc
_cLBS1
999 _c43332
_d43332